1519 1333 1286 1826 1596 1562 1133 1039 1185 1070 1520 1949 1788 1704 1468 1864 1478 1131 1800 1971 1669 1041 1602 1057 1283 1356 1354 1618 1175 1773 1529 1631 1835 1772 1719 1029 1273 1188 1152 1662 1374 1239 1321 1870 1179 1141 1278 1715 1534 1747 1227 1639 1848 1376 1073 1436 1055 1175 1532 1874 1687 1420 1787 1078 1621 1572 1602 1349 1038 1449 1763 1560 1560 1194 1781 1804 1083 1434 1358 1190 1338 1827 1974 1390 1902 1125 1724 1482 1421 1375 1745 1670 1403 1698 1617 1740 1651 1897 1744 BCNSPRNW ULIB Ver.6.0+V

เปลี่ยนเป็นภาษาไทย

Change to English
 แสดงรายละเอียดบรรณานุกรม
  กลับหน้าหลัก

Brief Record : Get Marc (ISO 2709) : E-mail record : QR code < ปิดหน้าต่าง
LEADER : 00000nam 2200000uu 4500
001    13399109127
003     ULIB
008    110322s2549||||th 000 0 tha d
020    9749405447
050  4 HF5415.5^bส223ช 2549
100 1  สเปคเตอร์, โรเบิร์ต
245 10 ใช้หัวใจให้บริการ =^bThe Nordstrom way to customer service excellence /^cRobert, Spector and Patrick, McCarthy ;แปลและเรียบเรียงโดย ปฏิพล ตั้งจักรวรานนท์
246 31 The Nordstrom way to customer service excellence
250    พิมพ์ครั้งที่ 1
260    กรุงเทพฯ :^bบิสคิต,^c2549
300    389 หน้า ;^c21 ซม.
500    แปลและเรียบเรียงมาจาก The Nordstrom way to customerservice excellence / Robert Spector and Patrick McCarthy
650  7 บริการลูกค้า
650  7 บุคลากร^xการจัดการ
700 1  Spector, Robert
700 1  McCarthy, Patrick
700 0  ปฏิพล ตั้งจักรวรานนท์,^eผู้แปล
945    ^p295^l0^i029930
945    ^p295^l0^i029929
995    ทศพร
999 ^a ใช้งานได้ทุกระบบ
รายการนี้ยังไม่มีแท็ก
คุณยังไม่ได้ล็อกอิน คุณสามารถมีกิจกรรมร่วมกับเว็บไซต์ได้ แต่ต้องล็อกอินก่อน ::
  ล็อกอิน

รายการสื่อสารสนเทศ

ลำดับที่ ประเภท เลขเรียก/บาร์โค้ด สถานที่ สถานะ
1. การศึกษาทั่วไป
การศึกษาทั่วไป
HF5415.5 ส223ช 2549 ฉ.2 
  Barcode: 029930
ห้องสมุดวิทยาเขตนครสวรรค์
►หนังสือทั่วไป:l:General Books
บนชั้น

รายการใกล้เคียง
    ผู้แต่ง [สเปคเตอร์, โรเบิร์ต]

    หัวเรื่อง [บริการลูกค้า]

BibComment


ยังไม่เคยถูกคอมเมนท์

คอมเมนท์ทรัพยากรรายการนี้
  คอมเมนท์: ใช้หัวใจให้บริการ..


 Copyright 2026. Bcnsprnw @Library